| 000 | 00518nam a2200133Ia 4500 | ||
|---|---|---|---|
| 008 | 171207s9999 xx 000 0 und d | ||
| 100 | _aLu, Weixu | ||
| 245 | _aBeyond the power of networks: Differentiating network structure from social media affordances for perceived social support | ||
| 245 | _cWeixu Lu, Keith N Hampton | ||
| 260 | _c2017 | ||
| 300 | _apages 861-879, June 2017 | ||
| 440 |
_aNew Media & Society _v19:6 |
||
| 650 | _aCore network, Facebook, persistent, pervasive, social capital, audience problem | ||
| 999 |
_c347654 _d347654 |
||